000 00555cam a2200193 4500500
005 20260405001926.0
041 _afre
042 _adc
100 1 0 _aN’Diaye, Aïda
_eauthor
245 0 0 _aL’Ultime auberge
260 _c2015.
500 _a98
690 _aCatherine Portevin
690 _aImre Kertész
690 _aMort
690 _aroman
786 0 _nPhilosophie magazine | 86 | 2 | 2015-02-01 | p. 64-65 | 1951-1787
856 4 1 _uhttps://shs.cairn.info/magazine-philosophie-magazine-2015-2-page-64?lang=fr&redirect-ssocas=7080
999 _c2052400
_d2052400